Managing schools without fear : the South African school principal of the 21st century (Record no. 162497)

MARC details
000 -LEADER
fixed length control field 00346nam a2200097Ia 4500
082 ## - DEWEY DECIMAL CLASSIFICATION NUMBER
Classification number 371.20120968 NKON
008 - FIXED-LENGTH DATA ELEMENTS--GENERAL INFORMATION
fixed length control field 210817s9999 xx 000 0 und d
100 ## - MAIN ENTRY--PERSONAL NAME
Personal name Nkonyane, Moss Malvern, South Africa, 2007 1st ed
9 (RLIN) 24489
245 #0 - TITLE STATEMENT
Title Managing schools without fear : the South African school principal of the 21st century
942 ## - ADDED ENTRY ELEMENTS
item type Books
Holdings
Withdrawn status Lost status Damaged status Not for loan Home library Current library Date acquired Cost, normal purchase price Total Checkouts Barcode Date last seen Price effective from item type
        Kinross Kinross 18.08.2021 167.00   3228200008359 18.08.2021 18.08.2021 Books